| 000 | 00713nam a22002057a 4500 | ||
|---|---|---|---|
| 003 | OSt | ||
| 005 | 20250707052826.0 | ||
| 008 | 250707b |||||||| |||| 00| 0 eng d | ||
| 020 | _a9781910158679 | ||
| 040 |
_aDWCL - Main lib _cOC |
||
| 082 | _aCirc. 910.46 T143 2017 | ||
| 100 | _aHorner, Susan | ||
| 245 |
_aTalent management in hospitality and tourism/ _cSusan Horner |
||
| 260 |
_aWoodeaton, Oxford : _b Goodfellow Publishers, _cc2017. |
||
| 300 |
_a xiv, 318 pages : _b illustrations ; _c25 cm. |
||
| 504 | _aIncludes bibliographical references and index. | ||
| 650 | _a1. Hospitality industry--Personnel management. | ||
| 650 | _a2. Tourism--Personnel management. | ||
| 942 |
_2ddc _cBK-CIRC _kCirc. _n0 |
||
| 999 |
_c3416 _d3416 |
||